APEC Schools

We are their heaven / (Record no. 7391)

000 -LEADER
fixed length control field nam a22 7a 4500
005 - DATE AND TIME OF LATEST TRANSACTION
control field 20190529051046.0
008 - FIXED-LENGTH DATA ELEMENTS--GENERAL INFORMATION
fixed length control field 190529b xxu||||| |||| 00| 0 eng d
020 ## - IDENTIFIER FOR THE MANIFESTATION
Identifier for the Manifestation 9780743291132
Binding paperback
040 ## - CATALOGING SOURCE
Language of Cataloging eng
Transcribing Agency APEC Schools Library
Description Conventions rda
082 ## - DEWEY DECIMAL CLASSIFICATION NUMBER
Classification number C 133.91
Author's Number D854w 2006
100 ## - CREATOR
Preferred Name of the Person DuBois, Allison
245 ## - TITLE AND STATEMENT OF RESPONSIBILITY
Preferred Title Proper We are their heaven /
Statement of Responsibility/Parallel Statement of Responsibility Allison DuBois
264 ## - PUBLICATION STATEMENT
Place of publication, distribution, etc New York, NY :
Publisher's Name/Parallel Publisher's Name Fireside,
Copyright ©2006.
300 ## - PHYSICAL DESCRIPTION
Extent xix, 211 pages ;
336 ## - RDA CONTENT
Source rdacontent
Content Type text
337 ## - RDA MEDIA
Source rdamedia
Media Type unmediated
338 ## - RDA CARRIER
Source rdacarrier
Carrier Type volume
942 ## - ADDED ENTRY ELEMENTS (KOHA)
Source of Classification
Koha Item Type Non Fiction
Holdings
Library Site Location Shelving Location Source of Acquisition Full Classification Number Accession Number Koha Item Type
APEC V. Luna Library APEC V. Luna Library Circulation Donation C 133.91 D854w 2006 A01-0000001D Non Fiction

Powered by Koha